000 00574nam a2200241 a 4500
001 nice12345678
003 IN_TiNIC
005 20260116011756.0
008 050524s1975 cala grp 000 0 urd
020 _a
_c15
082 0 0 _a954.91
_bAHM
100 _aAhmad, Said Malihabadi
245 _aAj Ka Pakistan
260 _aCalcutta
_bKohinoor Art Press
_c1975
300 _a280p
500 _aincludes index and biblioraphy
505 2 _aIll, Index
650 _aPakistan
700 1 _aAhmad, Said Malihabadi
902 _bSRS
942 _cBK
999 _c3875
_d3875